Los paleolocos /

Guardado en:
Autor Principal: Otero, Rodolfo
Formato: Libro
Publicado: Buenos Aires : Estrada, 2007
Series:Azulejos
Materias:
Etiquetas: Agregar Etiqueta
Sin Etiquetas, Sea el primero en etiquetar este registro!
LEADER 00608nam a22002295a 4500
001 CEM.cems013456
005 20101220124832.0
008 130507s2007##################000#0#####d
003 CEMS
020 |a 9789500110389 
082 0 4 |a A863.4 
100 1 |a Otero, Rodolfo 
245 1 0 |a Los paleolocos /  |c Rodolfo Otero 
260 |a Buenos Aires :  |b Estrada,  |c 2007 
300 |a 160 p. 
490 0 |a Azulejos 
653 |a Literatura 
653 |a Literatura argentina 
653 |a Novelas 
653 |a Novela argentina 
653 |a Novela juvenil 
859 |a CEMS  |b BIB. CEMS - 11 de abril  |h A863.4  |i Ot2-3  |p 26074.10  |t Ej.1